00253nam a2200109Ia 4500008004100000100001600041245001600057260003400073300001100107942000800118999001700126190216s9999||||xx |||||||||||||| ||und|| aAgrawal P K 0aIit Physics bKrishna Prakashan Mediac1996 a17000p cREF c36224d36224